00295cam a22000977a 4500008004000000082001500040245006400055260004300119300001100162700002400173180718b1962 xxu||||| |||| 00| 0 eng d aA75 B489BH aBihar district gazetteers: Bhagalpurcby P.C. Roy Chaudhary aPatnabBihar District Gazetteersc1962 a731+p. aRoy Chaudhury, P.C.